Statistics for Harry Potter Trivia - Philosopher's Stone

Click here to take the quiz!

General Stats

  • This quiz has been taken 36 times
  • The average score is 23 of 30

Answer Stats

Clue Answer % Correct
Who brings Harry his Hogwarts letter?Rubeus Hagrid
100%
What house is Harry sorted into?Gryffindor
96%
Whos doorstep is Harry left at as a baby?The Dursleys
96%
Who is always losing his toad?Neville Longbottom
93%
Who can transform into a cat?Minerva McGonagall
93%
What does Hagrid name the dragon he wins?Norbert
93%
How does Harry catch the snitch in his first Quidditch match?In his mouth
93%
What bank does Harry get his money from?Gringotts
93%
Who is the Defence Against the Dark Arts professor?Professor Quirrell
89%
Who is the Quidditch captain for Harry's house?Oliver Wood
89%
Where is detention with Hagrid?In the Forbidden Forest
89%
Who does Harry see under Quirrell's turban?Voldemort's face
85%
What are they searching for during detention?An injured unicorn
85%
What does Harry, Ron, Hermione, and Neville discover in the forbidden corridor?A three-headed dog
85%
What happens to Quirrell's skin when he touches Harry?It burns
81%
What does the mirror show those who stand before it?Their deepest desire
81%
How do first year students get to Hogwarts from Hogsmeade Station?By boat
78%
Which centaur rescues Harry?Firenze
78%
What is the name of the mirror Harry discoversMirror of Erised
78%
Who gave Harry his anonymous gift at Christmas?Albus Dumbledore
74%
What does Draco Malfoy steal from Neville at flying lessons?His remembrall
70%
What does Harry's wand have in common with Voldemort'sPhoenix feather core
70%
Who is the maker of the Philosopher's StoneNicolas Flamel
67%
What gift does Harry receive anonymously at Christmas?His father's invisibility cloak
63%
What position does Harry take in the giant wizard chess game?Bishop
63%
What is the first obstacle under the trap door?Devil's Snare
56%
What is the name of Vernon's drill company?Grunnings
56%
What colour are the flames to move forward in the potion obstacleBlack
52%
Where does Malfoy trick Harry into going to duel?The trophy room
33%
What London street has an entrance to the Leaky Cauldron?Charing Cross Road
11%

Score Distribution

Percentile by Number Answered

Percent of People with Each Score

Your Score History

You have not taken this quiz